01287nab a2200229uuc4500001000800000005001700008008004100025035001200066035002100078040001300099041000800112100004600120245008500166260001000251520049900261650002400760650003100784700004400815700003700859700004800896773011300944121150920250128091233.0100817e20100817 spa  a1211509 a(OCoLC)820552801 ccomduadb aspa10aGonzález Ferrero, Maximiliano4auteaut10aEmpresas familiares : revision de la literatura desde una perspectiva de agencia c2010.3 aEn este articulo se presenta una revision comprehensiva de la literatura financiera alrededor de los principales estudios relacionados con las empresas familiares. Al finalizar se propone una agenda de investigacion en empresas familiares fundamentada en temas como el desempeño financiero, el papel de los herederos, la estructura de endeudamiento, la composicion de las juntas directivas, el impacto de los costos de agencia sobre el costo de capital y los beneficios privados del control. aEmpresas familiares 7aGobierno corporativo2lemb10aGuzmán Vásquez, Alexander4auteaut10aPombo Bejarano, Carlos4auteaut10aTrujillo Dávila, María Andrea4auteaut0 tCuadernos de Administración (Bogotá)gVol. 23, No. 40, Ene.-Jun. 2010, p. 11-33w96829x0120-3592092361